Vincent Price Filmography - Statistics

General Stats
  • This quiz has been taken 51 times
    8 since last reset
  • The average score is 21 of 377
Answer Stats
Type Year Name % Correct
Film 1959 House on Haunted Hill
83%
Film 1959 The Bat
83%
Film 1990 Edward Scissorhands
67%
Film 1958 The Fly
67%
Film 1964 The Last Man on Earth
67%
Film 1963 The Raven
67%
Film 1960 House of Usher
50%
Film 1953 House of Wax
50%
Music Video 1983 Michael Jackson's Thriller
50%
Film 1959 Return of the Fly
50%
Film 1986 The Great Mouse Detective
50%
Film 1975 Alice Cooper: Welcome to My Nightmare
33%
Film 1970 An Evening of Edgar Allan Poe
33%
TV Show 1966, 1967 Batman
33%
Film 1946 Dragonwyck
33%
Film 1972 Dr. Phibes Rises Again
33%
Film 1983 House of the Long Shadows
33%
Film 1961 Pit and the Pendulum
33%
Film 1946 Shock
33%
Film 1962 Tales of Terror
33%
Film 1971 The Abominable Dr. Phibes
33%
Film 1973 Theatre of Blood
33%
Film 1967 The House of 1,000 Dolls
33%
Film 1954 The Mad Magician
33%
TV Show 1977 The Muppet Show
33%
Film 1956 The Ten Commandments
33%
Film 1993 The Thief and the Cobbler
33%
Film 1959 The Tingler
33%
Film 1965 The Tomb of Ligeia
33%
Film 1987 The Whales of August
33%
Film 1939 | 1962 Tower of London
33%
Film 1963 Twice-Told Tales
33%
Film 1968 Witchfinder General
33%
Film 1948 Abbott and Costello Meet Frankenstein
17%
TV Show 1957 Alfred Hitchcock Presents
17%
Film 1963 Beach Party
17%
Film 1983 Bloodbath at the House of Death
17%
Film 1990 Catchfire
17%
Film 1962 Confessions of an Opium Eater
17%
Film 1970 Cry of the Banshee
17%
Film 1988 Dead Heat
17%
Film 1963 Diary of a Madman
17%
Film 1965 Dr. Goldfoot and the Bikini Machine
17%
Film 1966 Dr. Goldfoot and the Girl Bombs
17%
TV Show 1984 Faerie Tale Theatre
17%
TV Film 1960 Family Classics: The Three Musketeers
17%
Film 1940 Green Hell
17%
TV Show 1958 Have Gun - Will Travel
17%
TV Film 1971 Here Comes Peter Cottontail
17%
Film 1944 Laura
17%
Film 1945 Leave Her to Heaven
17%
Film 1974 Madhouse
17%
Film 1961 Master of the World
17%
TV Show 1981-1989 Masterpiece Mystery
17%
TV Film 1983 Ruddigore
17%
Film 1970 Scream and Scream Again
17%
TV Show 1985 The 13 Ghosts of Scooby-Doo
17%
TV Show 1972 The Brady Bunch
17%
Film 1964 The Comedy of Terrors
17%
Film 1963 The Haunted Palace
17%
Film 1940 The Invisible Man Returns
17%
TV Show 1965 The Man from U.N.C.L.E.
17%
Film 1964 The Masque of the Red Death
17%
Film 1981 The Monster Club
17%
Film 1939 The Private Lives of Elizabeth and Essex
17%
Film 1943 The Song of Bernadette
17%
Film 1957 The Story of Mankind
17%
Film 1948 The Three Musketeers
17%
Film 1969 The Trouble with Girls
17%
Short Film 1982 Vincent
17%
Film 1965 War-Gods of the Deep
17%
TV Show 1979 ABC Weekend Specials
0%
TV Show 1960 Adventures in Paradise
0%
Film 1951 Adventures of Captain Fabian
0%
Radio Serial 1977 Aliens in the Mind
0%
TV Documentary 1980 America Screams
0%
Documentary Series 1985 An American Portrait
0%
Theater 1935 Anatol
0%
TV Show 1981, 1982 An Evening at the Improv
0%
Theater 1941-1942 Angel Street
0%
Theater 1955 Anita
0%
TV Show 1976 Anyone for Tennyson? The Master Poets Collection
0%
Documentary Series 1990 Appreciating Art
0%
Theater 1974-1975 Ardele
0%
Film 1945 A Royal Scandal
0%
Documentary Series 1982 A Taste of China
0%
TV Documentary 1968 Attic Civilization: The M.H. DeYoung Memorial Museum
0%
Documentary 1994 A Visit with Vincent
0%
Film 1949 Bagdad
0%
TV Show 1969 BBC Play of the Month
0%
Documentary Series 1974 Bicentennial Minutes
0%
Theater 1955 Billy Budd
0%
TV Show 1986 Blacke's Magic
0%
Theater 1954 Black-Eyed Susan
0%
Short Film 1954 Born in Freedom: The Story of Colonel Drake
0%
Film 1940 Brigham Young
0%
Theater 1963 Buried Alive
0%
TV Show 1976 Camera Three
0%
TV Show 1960 Campy's Corner
0%
Documentary Series 1966 Caravan Around the World
0%
Film 1954 Casanova's Big Night
0%
TV Show 1979 CBS Library
0%
TV Show 1984 Celebrity Chefs
0%
TV Show 1975 Celebrity Squares
0%
Short Documentary 1963 Chagall
0%
Film 1950 Champagne for Caesar
0%
Theater 1976 Charley's Aunt
0%
Short Film 1957 Chesscetera
0%
TV Show 1952 Chesterfield Presents
0%
TV Show 1972 Chevrolet Presents the Golddiggers
0%
Theater 1935 Chicago
0%
Commercial 1984 Chips Ahoy!
0%
TV Show 1955, 1956, 1957 Climax!
0%
TV Film | TV Show 1966 Clown Alley
0%
TV Short 1957 Collector's Item: The Left Fist of David
0%
TV Show 1973 Columbo
0%
TV Show 1975 Consumer Survival Kit
0%
Film 1962 Convicts 4
0%
TV Show 1971 Cooking Price-Wise
0%
Commercial 1987 Cousins Subs
0%
TV Show 1955, 1956 Crossroads
0%
Short Documentary 1953 Crucifixion
0%
TV Film 1970 Cucumber Castle
0%
TV Show 1971 Curiosity Shop
0%
Film 1950 Curtain Call at Cactus Creek
0%
Theater 1976-1978 Damn Yankees
0%
Film 1954 Dangerous Mission
0%
TV Show 1969 Daniel Boone
0%
Theater 1968 Darling of the Day
0%
Documentary 1980 Days of Fury
0%
Theater 1954 Death Takes a Holiday
0%
TV Show 1968-1969 Dee Time
0%
Theater 1978-1979 Diversions and Delights
0%
Theater 1952 Don Juan in Hell
0%
TV Show 1976 Donny and Marie
0%
Theater 1937 Eden End
0%
Short Documentary 1958 Eight Steps to Peace: Charter Review
0%
Short Documentary 1958 Eight Steps to Peace: The Answer Now
0%
Theater 1936, 1940 Elizabeth the Queen
0%
TV Show 1976 Ellery Queen
0%
TV Film 1986 Escapes
0%
TV Show 1958 E.S.P.
0%
TV Show 1960 Expedition!
0%
Documentary Series 1963 Exploring
0%
Documentary Series 1967 Eye on Art
0%
TV Film 1961 Famous Ghost Stories
0%
TV Special 1981 Freddie the Freeloader's Christmas Dinner
0%
Film 1987 From a Whisper to a Scream
0%
TV Show 1967 F Troop
0%
Short Film 1982 Fun with Mr. Future
0%
TV Show 1956, 1957, 1958 General Electric Theater
0%
TV Show 1969 Get Smart
0%
TV Short 1988 Ghost Ship
0%
Theater 1952 Goodbye Again
0%
TV Documentary 1966 Great American Museums: The 'DeYoung' in San Francisco
0%
TV Show 1952 Gruen Guild Theater
0%
TV Show 1958 Half Hour to Kill
0%
TV Film 1983 Hansel and Gretel
0%
Theater 1938 Heartbreak House
0%
TV Show 1970 Here's Lucy
0%
Film 1951 His Kind of Woman
0%
Short Documentary 1976 Hollywood
0%
Film 1941 Hudson's Bay
0%
Short Documentary 1985 Idea Power
0%
Documentary Series 1965-1966 If These Walls Could Speak
0%
Film 1980 I Go Pogo
0%
Documentary Series 1960 It Happened in Hollywood
0%
TV Show 1970 It's Tommy Cooper
0%
TV Show 1957 Jane Wyman Presents the Fireside Theatre
0%
Film 1975 Journey into Fear
0%
TV Special 1959 Key Witness
0%
Documentary 1981 Language of the Flowers
0%
Short Film 1977 Légendes du Québec
0%
TV Show 1952 Lights Out
0%
TV Special 1977 Lindsay Wagner: Another Side of Me
0%
Short Documentary 1985 Looking for Perfection
0%
TV Show 1970 Love, American Style
0%
TV Show 1951, 1952, 1954, 1956 Lux Video Theatre
0%
TV Show 1971 Make Your Own Kind of Music!
0%
Theater 1939 Mamba's Daughters
0%
Theater 1967-1968 Married Alive
0%
TV Show 1956, 1958 Matinee Theatre
0%
TV Show 1970 Mod Squad
0%
Short Documentary 1966 Monsters and Madonnas: The World of William Mortensen
0%
TV Film 1974 Mooch
0%
TV Film 1971 Mooch Goes to Hollywood
0%
Film 1969 More Dead Than Alive
0%
Film 1947 Moss Rose
0%
TV Documentary 1983 Mysteries of the Supernatural
0%
Documentary 1961 Naked Terror
0%
TV Show 1969 Name Droppers
0%
Film 1961 Nefertiti, Queen of the Nile
0%
TV Show 1971, 1972 Night Gallery
0%
Short Documentary 1951 Notes on the Port of St. Francis
0%
Documentary Series 1957 Odyssey
0%
Theater 1970-1976 Oliver!
0%
Short Documentary 1973 Oscar Howe: Sioux Painter
0%
TV Special 1983 Out of Control
0%
Theater 1938-1939 Outward Bound
0%
Theater 1936-1938 Parnell
0%
Film 1974 Percy's Progress
0%
Theater 1964-1965 Peter Pan
0%
Documentary 1951 Pictura: An Adventure in Art
0%
TV Show 1956, 1957 Playhouse 90
0%
Theater 1940 Poet's Corner
0%
Commercial 1985 Polaroid VHS
0%
Theater 1937 Princess Turandot
0%
Documentary Series 1976 Project 13
0%
TV Show 1952 Pulitzer Prize Playhouse
0%
Film 1961 Rage of the Buccaneers
0%
TV Show 1987 Read, Write and Draw
0%
TV Documentary 1957 Revolution of the Eye
0%
Theater 1953 Richard III
0%
TV Documentary 1979 Richiardi's Chamber of Horror and Illusion
0%
TV Film 1978 Ringo
0%
TV Show 1959 Riverboat
0%
TV Show 1952 Robert Montgomery Presents
0%
Film 1948 Rogues' Retirement
0%
Theater 1937 Romance
0%
TV Show 1968, 1970, 1971 Rowan & Martin's Laugh-In
0%
TV Special 1960 Salute to Muny Opera
0%
Film 1979 Scavenger Hunt
0%
TV Show 1952, 1953, 1957, 1958 Schlitz Playhouse
0%
TV Show 1956 Science Fiction Theatre
0%
Radio Series 1979 Sears Mystery Theater
0%
Film 1956 Serenade
0%
Film 1938 Service de Luxe
0%
TV Show 1965 Shindig!
0%
TV Show 1957 Shower of Stars
0%
Commercial 1971 Shrunken Head Apple Kit
0%
Film 1955 Son of Sinbad
0%
Short Documentary 1972 Sophia T. Salvin Elementary School
0%
Film 1987 Sparky's Magic Piano
0%
Short Documentary 1985 Spirit of Quality
0%
Film 1968 Spirits of the Dead
0%
TV Show 1981 Standing Room Only
0%
TV Show 1972, 1973 Stand Up and Cheer
0%
TV Show 1971 Stars on Sunday
0%
TV Show 1959 | 1960 Startime
0%
Commercial 1970s 'Stay Alive' Board Game
0%
Short TV Documentary 1989 Step into the Third Dimension
0%
TV Special 1960 St. Louis in 1985
0%
TV Documentary 1987 Strange But True Football Stories
0%
TV Show 1957 Studio 57
0%
TV Show 1949-1963 Stump the Stars
0%
TV Show 1953 Summer Theatre
0%
Commercial 1984 Sun Country Wine Cooler
0%
Radio Series 1944-1959 Suspense
0%
TV Documentary 1979 Symbols of Lives Past: The Rambova Collection
0%
Documentary 1963 Taboos of the World
0%
TV Documentary 1983 Tales from the Vatican Collection
0%
TV Film 1951 Talisman
0%
TV Show 1962 Tell It to Groucho
0%
Award Show 1960 The 17th Golden Globe Awards
0%
TV Show 1956 The $64,000 Challenge
0%
TV Show 1956 The Alcoa Hour
0%
TV Show 1972 The Amateur's Guide to Love
0%
Theater 1940 The American Way
0%
Short Documentary 1971 The Anna Kaseman Hospital Story
0%
Film 1972 The Aries Computer
0%
TV Documentary 1973 The Art Institute: A Self-Portrait
0%
Film 1950 The Baron of Arizona
0%
Documentary 1971 The Beginning of the End of the World
0%
TV Show 1961 The Best of the Post
0%
TV Show 1954 The Betty White Show
0%
Film 1959 The Big Circus
0%
TV Show 1976 The Bionic Woman
0%
TV Special 1971 The BOO Show
0%
TV Show 1977 The Brady Bunch Variety Hour
0%
Film 1949 The Bribe
0%
Film 1977 The Butterfly Ball
0%
TV Show 1977 The Captain and Tennille
0%
TV Show 1972, 1974, 1975 The Carol Burnett Show
0%
TV Show 1960 The Chevy Mystery Show
0%
TV Short 1949 The Christmas Carol
0%
Documentary 1968 The City of Gods
0%
Theater 1951 The Cocktail Party
0%
TV Mini-Series 1949 The Croupier
0%
TV Show 1964, 1965, 1966 The Danny Kaye Show
0%
TV Show 1973, 1974 The Dean Martin Show
0%
Documentary 1971 The Devil's Triangle
0%
TV Show 1981 The Don Lane Show
0%
TV Show 1955 The Eddie Cantor Comedy Theater
0%
TV Show 1956, 1968 The Ed Sullivan Show
0%
Film 1944 The Eve of St. Mark
0%
TV Show 1956, 1960 The George Gobel Show
0%
TV Show 1969 The Good Guys
0%
TV Show 1986 The Greatest Adventure: Stories from the Bible
0%
TV Film 1992 The Heart of Justice
0%
TV Show 1956 The Herb Shriner Show
0%
TV Show 1971 The Hilarious House of Frightenstein
0%
TV Show 1967-1980 The Hollywood Squares
0%
Film 1940 The House of the Seven Gables
0%
Short Documentary 1990 The House of the Seven Gables - Salem Massachusetts: A Guided Tour
0%
TV Documentary 1964 The House on Art Hill
0%
Film 1967 The Jackals
0%
TV Show 1953, 1959, 1965 The Jack Benny Program
0%
TV Show 1972 The Jimmy Stewart Show
0%
TV Show 1978 The Jim Nabors Show
0%
TV Show 1981, 1982 The John Davidson Show
0%
Film 1944 The Keys of Kingdom
0%
Theater 1937-1938 The Lady Has a Heart
0%
Theater 1937 The Lady of La Paz
0%
Theater 1947 The Last of My Solid Gold Watches
0%
Film 1952 The Las Vegas Story
0%
TV Film 1987 The Little Troll Prince
0%
Film 1947 The Long Night
0%
TV Show 1978 The Love Boat
0%
TV Show 1956 The Martha Raye Show
0%
Short Documentary 1950 The Maya Through the Ages
0%
TV Show 1966-1979 The Mike Douglas Show
0%
TV Show 1954, 1955, 1958, 1966 The Milton Berle Show
0%
Theater 1939 The Mistress of the Inn
0%
TV Show 1969-1970 The Movie Game
0%
Documentary 1988 The Mysterious Death of the Dinosaurs
0%
Short Film 1987 The Nativity
0%
TV Show 1988 The New Hollywood Squares
0%
Film 1969 The Oblong Box
0%
Short Film 1954 The Orange Coast College
0%
Theater 1937 The Passing of the Third Floor Back
0%
TV Show 1971 The Pet Set
0%
TV Show 1953 The Philip Morris Playhouse
0%
Radio Series 1949 The Playhouse
0%
TV Show 1953 The Plymouth Playhouse
0%
TV Show 1956-1971 The Red Skelton Hour
0%
TV Show 1957 The Rosemary Clooney Show
0%
Radio Series 1947-1951 The Saint
0%
Theater 1938 The Shoemaker's Holiday
0%
TV Show 1974 The Snoop Sisters
0%
Short Film 1980 The Sorcerer's Apprentice
0%
TV Show 1964 The Steve Allen Playhouse
0%
TV Show 1956 The Steve Allen Plymouth Show
0%
TV Show 1968 The Steve Allen Show
0%
TV Special 1979 The Strange Case of Alice Cooper
0%
TV Show 1985 The Teller and the Tale
0%
Documentary 1974 The Tender Trap
0%
TV Show 1960 The United States Steel Hour
0%
Film 1956 The Vagabond King
0%
TV Show 1982 The Vincent Price Gothic Horrors
0%
Documentary 1985 The Violent Universe
0%
Short Documentary 1982 The Walters
0%
Film 1947 The Web
0%
Theater 1937 The Wild Duck
0%
TV Short 1965 The Wild Weird World of Dr. Goldfoot
0%
Theater 1954 The Winslow Boy
0%
Theater 1954 Tihe Lady's Not for Burning
0%
Commercial 1987 Tilex Soap Scum Remover Spray
0%
TV Show 1979 Time Express
0%
Commercial 1985 Time-Life Books: The Enchanted World
0%
TV Show 1991 Tiny Toon Adventures
0%
TV Special 1960 To St. Louis with Music
0%
TV Show 1982 Trapper John, M.D.
0%
TV Show 1955 TV Reader's Digest
0%
Film 1948 Up in Central Park
0%
Theater 1935-1937 Victoria Regina
0%
TV Special 1971 Vincent Price Is in the Country
0%
Documentary 1994 Vincent Price: My Life and Crimes
0%
Documentary 1986 Vincent Price's Dracula
0%
TV Special 1984 Vincent Price's Halloween Thriller
0%
Video Game 1980 Vincent Price's Movie Trivia
0%
Video Game 1980 Vincent Price's TV Trivia
0%
Theater 1958 Visit to a Small Planet
0%
TV Show 1967 Voyage to the Bottom of the Sea
0%
TV Show 1956 Washington Square
0%
Theater 1936 What Every Woman Knows
0%
TV Film 1971 What's a Nice Girl Like You...?
0%
Film 1956 While the City Sleeps
0%
Film 1944 Wilson
0%
Short Documentary 1975 Winds of Change
0%
Short Film 1969 World Wide Adventures: Annabel Lee
0%
TV Show 1967-1968 You Don't Say
0%
Theater 1942 Yours, A. Lincoln
0%
No matching quizzes found
Score Distribution
Percent of People with Each Score
Percentile by Number Answered
Your Score History
You have not taken this quiz since the last reset